[Event "Temuco U2200 2nd"]
[Site "Temuco"]
[Date "2018.09.08"]
[Round "2.7"]
[White "Palma Neira, Eliseo Maximiliano"]
[Black "Gonzalez Segovia, Diego Ignacio"]
[Result "1-0"]
[WhiteElo "2001"]
[BlackElo "1713"]
[PlyCount "51"]
[EventDate "2018.09.08"]
[EventType "swiss"]
[EventRounds "6"]
[EventCountry "CHI"]
[SourceTitle "EXT 2024"]
[Source "ChessBase"]
[SourceDate "2023.10.10"]
[SourceVersion "1"]
[SourceVersionDate "2023.10.10"]
[SourceQuality "1"]

1. d4 Nf6 2. Nf3 g6 3. c4 Bg7 4. Nc3 0-0 5. e4 d6 6. g3 Nbd7 7. Bg2 c5 8. 0-0 a6 9. h3 cxd4 10. Nxd4 Re8 11. Be3 h6 12. Qd2 Kh7 13. Rad1 Qc7 14. b3 Rb8 15. f4 e5 16. Nde2 b5 17. cxb5 axb5 18. Rc1 Qa5 19. Qxd6 exf4 20. gxf4 Bf8 21. Qd2 Bb7 22. Ng3 Nc5 23. Nd5 Qxd2 24. Nxf6+ Kh8 25. Bxd2 Re6 26. Bc3 1-0